000 00632nam a2200193 i 4500
001 28314
003 ES-MaACL
007 t|
008 030117s1982 sp ||||1| spa d
020 _a84-7290-032-0
100 1 _aBanwart, George J.
_925222
245 1 0 _aMicrobiología básica de los alimentos /
_cGeorge J. Banwart ; [traducción ediciones Bellaterra ; revisión Carlos Sánchez-Rodrigo].
260 _aBarcelona :
_bBellaterra,
_c[1982]
300 _a464 p. ;
_c24 cm.
500 _aIndice.
700 1 _aSánchez Rodrigo, Carlos.
_9102884
710 2 _aEdiciones Bellatera.
_93422
852 _aES-MaACL
_jL-9030
_bR.110889
999 _c28314
_d28314